Statystyki dla Test z wiedzy o Dawidzie Jasperze!

Kliknij tutaj aby rozwiązać quiz!

Ogólne statystyki

  • Ten quiz został rozwiązany 478 razy
  • Średni wynik to 24 z 56

Statystyki odpowiedzi

PytanieOdpowiedź% Poprawnych
Nazwisko DawidaWójcik
92%
Imię taty DawidaRyszard
83%
Kim jest z zawodu?Informatyk
76%
Jak nazywa się pies Dawida?Miśka
75%
W którym roku zmarła mama Dawida w ciężkim stanie?2006
73%
Miasto zamieszkania DawidaPabianice
72%
W ciągu ilu minut Pan Ryszard dostał 5 telefonów?5
69%
W którym roku opublikował swój pierwszy film?2012
68%
Wiesia.....Oł oł
64%
Zwariowana ....noc
62%
Ile jedynek ma Dawid?0
60%
W którym roku urodził się Dawid?1987
60%
Dawna ksywaPokemon
59%
W jakiej górskiej miejscowości Dawid robił najczęściej transmisje na żywo?Zakopane
58%
Ulubiona drużyna piłkarska DawidaLegia Warszawa
57%
Jaką słodycz najbardziej lubi pies Dawida?Czekolada
56%
W jakiej federacji marzy zawalczyć Dawid?Fame MMA
56%
Drugie imię DawidaKamil
56%
Czy da się obliczyć ile razy Dawid otrzymał bana na jakiejkolwiek platformie?NIE
56%
Dwu literowy skrótowiec używany przez widzów Dawida gdy chcą obrazić jego, jego brata, tate lub psaJP
54%
I Argentyna dzisiaj wygrała bo ...... dzisiaj dużo tu miała!wódki
54%
Jakie superbohatera maskę posiada?spiderman
52%
Najlepszy przyjaciel Dawida z discorda, który "zmarł"Pszczółka
51%
Jaką partie polityczną kocha Dawid?PiS
50%
Ile razy spaliła się Dawidowi karta muzyczna?2
49%
Jak nazywa się brat Dawida? (Chodzi o 3 literowe zdrobnienie)Aro
49%
Drużyna, której Dawid na początku nie znał, lecz gdy ją poznał to stała się 2 najbardziej ulubioną jego drużynąLGBT
49%
Trzecie imię DawidaPatryk
49%
Jaki jest stopień niepełnosprawności u Dawida?umiarkowany
48%
Z kim jeździ na Fame MMA?Ulani
46%
Donejtowa platforma Dawidatipply
43%
Jak nazywa się kolega z kicka, który robił z Dawidem streamy IRL?Adamczyk
39%
Znienawidzona drużyna piłkarska DawidaArka Gdynia
39%
Jakie orginalne piwo z Krynicy Zdrój spożywał Jasper na jednym ze strimów?Lech
36%
Jak nazywał się kiedyś Tubson czyli jeden ze znajomych Dawida z discorda?Pszczółka/Gwiazdka
36%
Co w przeszłości lubiał często golić?brwi
32%
Z jakim prezydentem USA rozmawiał Dawid?Donald Trump
31%
Gdzie Dawid jeździ najczęściej na wakacje z Panem Ryszardem?Łeba
30%
Ulubiony kraj JasperaRosja
30%
Jak nazywa się EX Dawida?Tamara
30%
Ile razy Dawid mówił że kończy ze strimowaniem?dużo
29%
Na jakiej stronie możemy często spotkać Dawida?Ome
27%
Gdybym ją ...... to miałbym z nią dziecko!!!puknął
23%
Jaka rasa psa jest podobna do Dawida?Buldog
22%
Znak rozpoznawczy Dawidagagri gagri
21%
Jakim YouTuberem jest Dawid (Chodzi o niecenzuralny przymiotnik)Zajebisty
21%
Z jakiej gry komputerowej torbę posiada Dawid?Fortnite
20%
Jakim typem YouTubera można nazwać Dawida?Patostreamer
20%
Mały przyjaciel DawidaMikro Cypek
18%
Pingwinki robią uuuuuuu......Tata słychać Cię idioto
18%
Do kogo Dawid mówił słowa: Jesteś pośmiewiskiem internetuTiger Bonzo
10%
Za jaką kwotę Dawid podpisuje profil na steam?6zł
9%
Ulubiona partia polityczna DawidaKukiz 15
7%
Jaki język posiada Dawid?spleśniały
7%
Jakim YouTuberem jest Dawid? (Chodzi o cenzuralny przymiotnik)Niesamowity
5%
Na jakich platformach prowadził transmisje na żywo Jasper? (wypisz platformy alfabetycznie, oddzielając je spacją)DLive Facebook Kick Tiktok Trovo Twitch YouTube
1%

Rozkład punktacji

Percentyl według liczby udzielonych odpowiedzi

Procent ludzi z każdym wynikiem

Twoja historia wyników

Nie rozwiązałeś tego quizu